Statistics for Countries that contain K

Click here to take the quiz!

General Stats

  • This quiz has been taken 41 times
  • The average score is 13 of 19

Answer Stats

Answer% Correct
Kazakhstan
95%
Kenya
92%
United Kingdom
84%
Uzbekistan
84%
Kyrgyzstan
82%
Pakistan
79%
Turkey
79%
Tajikistan
74%
Kuwait
71%
Slovakia
68%
Turkmenistan
68%
North Korea
66%
South Korea
66%
Ukraine
63%
St. Kitts and Nevis
58%
Burkina Faso
55%
Denmark
55%
Sri Lanka
53%
Kirbati
16%

Score Distribution

Percentile by Number Answered

Percent of People with Each Score

Your Score History

You have not taken this quiz